000 00504nam a2200181Ia 4500
001 3336
005 20260306145636.0
008 260306t1999||||xx |||||||||||||| ||spa||
041 _aESP
082 _a270
_bG24 T. 3
100 _aGarcía-Villoslada, Ricardo
_eAUT
245 0 _aHistoria de la iglesia católica:
_bedad nueva: la Iglesia en la época del Renacimiento y de la Reforma católica
260 _c1999
300 _a
_c20 cm.
650 _aGEN
654 _aCHU
942 _cLIB
_dJUS
_fJUS
_2ddc
_n
999 _c3336
_d3336